000
00317nam a22001337a 4500
020
_a
978-0-14-044358-5
082
_a
823
_b
PIE/G
100
_a
PIERRE AND JEAN
245
_a
GUY DE MAUPASSANT
260
_a
LONDON
_b
PENGUIN CLASSICS
_c
1979
300
_a
175
650
_a
ENGLISH LITERATURE
_z
UNITED KINGDOM
942
_c
BK
999
_c
8002
_d
8002